Largest Cities Starting With C - Statistics

General Stats
  • This quiz has been taken 55 times
  • The average score is 13 of 20
Answer Stats
Country Population City % Correct
Egypt 23M Cairo
100%
Morocco 4M Casablanca
98%
South Africa 5M Cape Town
95%
Venezuela 3M Caracas
95%
Denmark 1.4M Copenhagen
95%
Canada 1.6M Calgary
78%
United States 2.6M Chicago
78%
Guinea 2.2M Conakry
78%
India 12.3M Chennai
76%
China 18.1M Chongqing
75%
Argentina 1.6M Cordoba
73%
China 9.9M Chengdu
69%
Brazil 3.8M Curitiba
65%
Colombia 2.9M Cali
64%
Bangladesh 5.6M Chittagong
64%
China 5.1M Changsha
42%
Brazil 3.4M Campinas
36%
China 4.8M Changchun
11%
Philippines 1.8M Caloocan City
9%
Guinea 1.9M Camayenne
0%
No matching quizzes found
Score Distribution
Percent of People with Each Score
Percentile by Number Answered
Your Score History
You have not taken this quiz